000 00281nam a2200109Ia 4500
001 587531
005 20250717113817.0
008 250717s9999 xx 000 0 und d
245 0 _aX-12 AFRİKADA SAFARİ LEOPARLAR
_cŞEBNEM DENKTAŞ
260 _bBETA YAYINLARI
_c2020
300 _b57
999 _c587531
_d587531